Official Names Of Every Country in the World - Statistics

General Stats
  • This quiz has been taken 67 times
    42 since last reset
  • The average score is 79 of 196
Answers on the Map
Answers color-coded by a green-red scale on the quiz's map according to % correct below.
 
Answer Stats
Hint Hint Country % Correct
153 129 United States of America
81%
143 66 Canada
73%
341 43 Iceland
69%
414.0 93.8 Czech Republic
62%
693.3 140.0 Japan
62%
363.0 82.5 Ireland
58%
372 127.5 Kingdom of Spain
58%
615.0 140.9 People's Republic of China
58%
386 105 French Republic
54%
393 86.9 Kingdom of the Netherlands
54%
216.3 247.5 Republic of Colombia
54%
192.0 228.0 Republic of Costa Rica
54%
177.4 210.0 Republic of Guatemala
54%
198 232.5 Republic of Panama
54%
377 86 United Kingdom of Great Britain and Northern Ireland
54%
433.0 267.2 Democratic Republic of the Congo
50%
221 197 Dominican Republic
50%
404.0 89.9 Federal Republic of Germany
50%
391.0 91.0 Kingdom of Belgium
50%
401.7 57 Kingdom of Norway
50%
482.1 179.9 Kingdom of Saudi Arabia
50%
414.3 60.5 Kingdom of Sweden
50%
414.2 100.9 Republic of Austria
50%
443.4 81.2 Republic of Belarus
50%
437.8 117.9 Republic of Bulgaria
50%
652.9 182.1 Republic of China
50%
418.0 108.0 Republic of Croatia
50%
204.0 265.5 Republic of Ecuador
50%
180.4 215.0 Republic of El Salvador
50%
635.5 264 Republic of Indonesia
50%
188.2 218.1 Republic of Nicaragua
50%
208 292 Republic of Peru
50%
423.6 87.1 Republic of Poland
50%
413.0 106.5 Republic of Slovenia
50%
577 52 Russian Federation
50%
502.0 182.5 United Arab Emirates
50%
246.5 217.0 Barbados
46%
394.3 94.2 Grand Duchy of Luxembourg
46%
501.3 152.5 Islamic Republic of Iran
46%
416.4 124.2 Italian Republic
46%
401.5 73.5 Kingdom of Denmark
46%
366.0 153.5 Kingdom of Morocco
46%
425.5 124.0 Republic of Albania
46%
218 384 Republic of Chile
46%
206.0 190.2 Republic of Cuba
46%
439.0 64.8 Republic of Estonia
46%
782.9 320.1 Republic of Fiji
46%
437 52 Republic of Finland
46%
184.5 210.7 Republic of Honduras
46%
556 185.9 Republic of India
46%
465.8 259.9 Republic of Kenya
46%
669 139 Republic of Korea
46%
438.0 70.6 Republic of Latvia
46%
434.3 76.3 Republic of Lithuania
46%
456.0 307.0 Republic of Malawi
46%
444.4 102.0 Republic of Moldova
46%
467 309.5 Republic of Mozambique
46%
248.9 339.7 Republic of Paraguay
46%
427.6 113.0 Republic of Serbia
46%
431 365 Republic of South Africa
46%
416.9 260.5 Republic of the Congo
46%
460.3 130.6 Republic of Turkey
46%
438 310 Republic of Zambia
46%
423.0 98.0 Slovak Republic
46%
509.33 187.2 Sultanate of Oman
46%
450.6 96.0 Ukraine
46%
151.0 182.0 United Mexican States
46%
232 235 Bolivarian Republic of Venezuela
42%
421.0 113.0 Bosnia and Herzegovina
42%
683.0 342.0 Commonwealth of Australia
42%
209.0 180.9 Commonwealth of the Bahamas
42%
241.6 220.6 Grenada
42%
462.3 158.9 Hashemite Kingdom of Jordan
42%
535.7 164.2 Islamic Republic of Pakistan
42%
206 200.2 Jamaica
42%
494.3 174.0 Kingdom of Bahrain
42%
608.0 207.9 Kingdom of Thailand
42%
254.9 370.2 Oriental Republic of Uruguay
42%
361.7 127.6 Portuguese Republic
42%
384.0 118.7 Principality of Andorra
42%
402.0 103.1 Principality of Liechtenstein
42%
420.0 301.2 Republic of Angola
42%
480.5 125.0 Republic of Armenia
42%
487.6 125.0 Republic of Azerbaijan
42%
435.0 336.1 Republic of Botswana
42%
422.6 209.4 Republic of Chad
42%
478.8 149.9 Republic of Iraq
42%
533.0 100.0 Republic of Kazakhstan
42%
21.0 272.0 Republic of Kiribati
42%
412.9 141.1 Republic of Malta
42%
418 328 Republic of Namibia
42%
756.2 263.4 Republic of Nauru
42%
429.5 121.7 Republic of North Macedonia
42%
680.5 241.3 Republic of Palau
42%
254.4 248.1 Republic of Suriname
42%
657 220.6 Republic of the Philippines
42%
401 148 Republic of Tunisia
42%
525 122.5 Republic of Uzbekistan
42%
755.5 318.6 Republic of Vanuatu
42%
488.3 208.2 Republic of Yemen
42%
447.0 325.0 Republic of Zimbabwe
42%
459.0 157.0 State of Israel
42%
398.4 103.5 Swiss Confederation
42%
241.4 204.0 Antigua and Barbuda
38%
234.0 373.0 Argentine Republic
38%
180.9 203.6 Belize
38%
427.6 239.0 Central African Republic
38%
248 242 Co-operative Republic of Guyana
38%
665.7 127 Democratic People's Republic of Korea
38%
717.7 235.2 Federated States of Micronesia
38%
266 294 Federative Republic of Brazil
38%
479 120 Georgia
38%
430 129 Hellenic Republic
38%
424.4 103.1 Hungary
38%
616.0 219.1 Kingdom of Cambodia
38%
798.1 328.7 Kingdom of Tonga
38%
397.2 114.5 Principality of Monaco
38%
407.0 247.0 Republic of Cameroon
38%
455.3 143.7 Republic of Cyprus
38%
476.4 221.6 Republic of Djibouti
38%
378.2 234.5 Republic of Ghana
38%
218 196 Republic of Haiti
38%
427.5 118.5 Republic of Kosovo
38%
545.9 248.9 Republic of Maldives
38%
377 202.2 Republic of Mali
38%
403.3 203.9 Republic of Niger
38%
408.5 113.9 Republic of San Marino
38%
449.6 239.5 Republic of South Sudan
38%
545.2 133.5 Republic of Tajikistan
38%
760.6 232.2 Republic of the Marshall Islands
38%
436.7 107.1 Romania
38%
742.1 295.0 Solomon Islands
38%
495.7 176.2 State of Qatar
38%
703.7 282.4 Independent State of Papua New Guinea
35%
528.0 149.2 Islamic Emirate of Afghanistan
35%
451.3 350.1 Kingdom of Eswatini
35%
548.0 122.0 Kyrgyz Republic
35%
610.3 194.9 Lao People's Democratic Republic
35%
461.7 146.8 Lebanese Republic
35%
610.3 247.2 Malaysia
35%
614.2 104.1 Mongolia
35%
423.7 117.8 Montenegro
35%
776.7 391.9 New Zealand
35%
583.0 181.8 People's Republic of Bangladesh
35%
236.0 319.0 Plurinational State of Bolivia
35%
447.8 272.6 Republic of Burundi
35%
368.0 235.9 Republic of Cote d'Ivoire
35%
404.0 255.8 Republic of Equatorial Guinea
35%
353.3 224.2 Republic of Guinea
35%
359.2 239.6 Republic of Liberia
35%
486.0 324.3 Republic of Madagascar
35%
347 212 Republic of Senegal
35%
354.0 232.9 Republic of Sierra Leone
35%
448.5 209.5 Republic of Sudan
35%
242.5 226.6 Republic of Trinidad and Tobago
35%
242.7 216.8 Saint Vincent and the Grenadines
35%
624.3 219.9 Socialist Republic of Vietnam
35%
487.0 162.9 State of Kuwait
35%
467.0 143.0 Syrian Arab Republic
35%
513.0 130.6 Turkmenistan
35%
408.5 120.7 Vatican City State
35%
377.0 219.0 Burkina Faso
31%
242.4 209.5 Commonwealth of Dominica
31%
562 235.3 Democratic Socialist Republic of Sri Lanka
31%
406.5 264 Gabonese Republic
31%
802.8 307.7 Independent State of Samoa
31%
584.1 169.4 Kingdom of Bhutan
31%
444.0 360.5 Kingdom of Lesotho
31%
385.7 225.0 Republic of Benin
31%
347.7 220.3 Republic of Guinea-Bissau
31%
510.1 329.1 Republic of Mauritius
31%
447.8 267.7 Republic of Rwanda
31%
453.1 256.6 Republic of Uganda
31%
243.2 214.6 Saint Lucia
31%
781.5 295.3 Tuvalu
31%
447.0 171.3 Arab Republic of Egypt
27%
569.8 166.5 Federal Democratic Republic of Nepal
27%
354 195.5 Islamic Republic of Mauritania
27%
326.7 206.9 Republic of Cabo Verde
27%
505.5 277.0 Republic of Seychelles
27%
614.2 256.7 Republic of Singapore
27%
597.0 188.5 Republic of the Union of Myanmar
27%
466.3 209.2 State of Eritrea
27%
419.3 172.9 State of Libya
27%
383.0 232.4 Togolese Republic
27%
479.4 301.4 Union of the Comoros
27%
488 230 Federal Republic of Somalia
23%
384.2 167.2 People's Democratic Republic of Algeria
23%
344 216 Republic of the Gambia
23%
459.1 282.5 United Republic of Tanzania
23%
239.4 203.4 Federation of Saint Christopher and Nevis
19%
638.6 246.1 Nation of Brunei, Abode of Peace
19%
395.5 260.6 Democratic Republic of São Tomé and Príncipe
15%
470.0 234.2 Federal Democratic Republic of Ethiopia
15%
664.3 290.8 Democratic Republic of East Timor
12%
398.0 230.8 Federal Republic of Nigeria
12%
No matching quizzes found
Score Distribution
Percent of People with Each Score
Percentile by Number Answered
Your Score History
You have not taken this quiz since the last reset